000 00296nam a22001337a 4500
020 _a92-5-104226-8
041 _aENG
100 _aMike Battcock
245 _aFermented Fruits And Vegetables A global Perspective
260 _aRome
_bFAO
_c1998
300 _a96
650 _aFAO
856 _uFAO
999 _c3266
_d3266